Muḥaddis̲īn-i ʻuẓām aur unke ʻilmī kārnāme. (Record no. 84011)
[ view plain ]
| 000 -LEADER | |
|---|---|
| fixed length control field | 00661cam a22002411 4500 |
| 001 - CONTROL NUMBER | |
| control field | sa 68011622 |
| 003 - CONTROL NUMBER IDENTIFIER | |
| control field | DLC |
| 005 - DATE AND TIME OF LATEST TRANSACTION | |
| control field | 20260227112602.0 |
| 008 - FIXED-LENGTH DATA ELEMENTS--GENERAL INFORMATION | |
| fixed length control field | 890706s1966 ii b 000 0 urdr |
| 010 ## - LIBRARY OF CONGRESS CONTROL NUMBER | |
| LC control number | sa 68011622 |
| 035 ## - SYSTEM CONTROL NUMBER | |
| System control number | (OCoLC)19969265 |
| 040 ## - CATALOGING SOURCE | |
| Original cataloging agency | DLC |
| Transcribing agency | WaU |
| Modifying agency | DLC |
| 042 ## - AUTHENTICATION CODE | |
| Authentication code | premarc |
| 050 00 - LIBRARY OF CONGRESS CALL NUMBER | |
| Classification number | BP136 |
| Item number | .M36 |
| 100 1# - MAIN ENTRY--PERSONAL NAME | |
| Personal name | Maẓāhirī, Taqī al-Dīn al-Nadwī. |
| 245 10 - TITLE STATEMENT | |
| Title | Muḥaddis̲īn-i ʻuẓām aur unke ʻilmī kārnāme. |
| 260 ## - PUBLICATION, DISTRIBUTION, ETC. | |
| Date of publication, distribution, etc. | [1966] |
| 300 ## - PHYSICAL DESCRIPTION | |
| Extent | 8, 256 p. |
| Dimensions | 23 cm. |
| 500 ## - GENERAL NOTE | |
| General note | Stamped on t. p.: Maktaba-e-Din-o-Adab. |
| 500 ## - GENERAL NOTE | |
| General note | In Urdu. |
| 504 ## - BIBLIOGRAPHY, ETC. NOTE | |
| Bibliography, etc. note | Bibliography: p. 255-256. |
| 650 #0 - SUBJECT ADDED ENTRY--TOPICAL TERM | |
| Topical term or geographic name entry element | Hadith |
| General subdivision | History. |
No items available.